Mathematica navigator : (Record no. 8553)

MARC details
000 -LEADER
fixed length control field 01255cam a22003134a 4500
001 - CONTROL NUMBER
control field 13319839
003 - CONTROL NUMBER IDENTIFIER
control field OSt
005 - DATE AND TIME OF LATEST TRANSACTION
control field 20240617123754.0
008 - FIXED-LENGTH DATA ELEMENTS--GENERAL INFORMATION
fixed length control field 030821s2004 ne a b 001 0 eng
010 ## - LIBRARY OF CONGRESS CONTROL NUMBER
LC control number 2003058330
020 ## - INTERNATIONAL STANDARD BOOK NUMBER
International Standard Book Number 012603642X (acidfree paper)
020 ## - INTERNATIONAL STANDARD BOOK NUMBER
International Standard Book Number 0126036438 (CDROM)
040 ## - CATALOGING SOURCE
Transcribing agency MUST
042 ## - AUTHENTICATION CODE
Authentication code pcc
082 00 - DEWEY DECIMAL CLASSIFICATION NUMBER
Classification number 510.2855 RUS
Edition number 22
100 1# - MAIN ENTRY--PERSONAL NAME
Personal name Ruskeepää, Heikki.
9 (RLIN) 15929
245 10 - TITLE STATEMENT
Title Mathematica navigator :
Remainder of title mathematics, statistics, and graphics /
Statement of responsibility, etc. Heikki Ruskeepää.
250 ## - EDITION STATEMENT
Edition statement 2nd ed.
260 ## - PUBLICATION, DISTRIBUTION, ETC. (IMPRINT)
Place of publication, distribution, etc. Amsterdam ;
-- Boston :
Name of publisher, distributor, etc. Elsevier Academic Press,
Date of publication, distribution, etc. c2004.
300 ## - PHYSICAL DESCRIPTION
Extent xx, 844 p. :
Other physical details ill. ;
Dimensions 24 cm. +
Accompanying material 1 CD-ROM (4 3/4 in.)
504 ## - BIBLIOGRAPHY, ETC. NOTE
Bibliography, etc Includes bibliographical references (p. [803]-805) and index.
630 00 - SUBJECT ADDED ENTRY--UNIFORM TITLE
Uniform title Mathematica (Computer file)
9 (RLIN) 5189
650 #0 - SUBJECT ADDED ENTRY--TOPICAL TERM
Topical term or geographic name as entry element Mathematics
General subdivision Data processing.
9 (RLIN) 15930
856 41 - ELECTRONIC LOCATION AND ACCESS
Materials specified Table of contents
Uniform Resource Identifier http://www.loc.gov/catdir/toc/els051/2003058330.html
856 42 - ELECTRONIC LOCATION AND ACCESS
Materials specified Publisher description
Uniform Resource Identifier http://www.loc.gov/catdir/description/els041/2003058330.html
906 ## - LOCAL DATA ELEMENT F, LDF (RLIN)
a 7
b cbc
c orignew
d 1
e ocip
f 20
g y-gencatlg
942 ## - ADDED ENTRY ELEMENTS (KOHA)
Source of classification or shelving scheme Dewey Decimal Classification
Koha item type Open Shelf
Holdings
Withdrawn status Lost status Source of classification or shelving scheme Damaged status Not for loan Home library Current library Date acquired Source of acquisition Inventory number Total Checkouts Full call number Barcode Date last seen Price effective from Koha item type
    Dewey Decimal Classification     MUST Main Library MUST Main Library 17/06/2024 Purchase 11/34810   510.2855 RUS 2004 2024-20661 17/06/2024 17/06/2024 Open Shelf